000
00277nam a2200097Ia 4500
008
230907s9999||||xx |||||||||||||| ||und||
082
_a
355.03305491
_b
PAK
245
0
_a
Pakistan's security problems and challenges in the next decade /
300
_a
xix, 309 pages ;
942
_c
BK
999
_c
597410
_d
597410